000 00474cam a2200145 4500500
005 20260412000938.0
041 _afre
042 _adc
100 1 0 _aTilby, Michaël
_eauthor
245 0 0 _a« Le médecin de campagne » et le statut du récit
260 _c2003.
500 _a9
786 0 _nL'Année balzacienne | 4 | 1 | 2003-06-01 | p. 7-24 | 0084-6473
856 4 1 _uhttps://shs.cairn.info/revue-l-annee-balzacienne-2003-1-page-7?lang=fr&redirect-ssocas=7080
999 _c2211188
_d2211188